[Event "Lenk op"]
[Site "Lenk"]
[Date "1993.??.??"]
[Round "5"]
[White "Budnikov, Alexandar"]
[Black "Trabert, Bettina"]
[Result "1-0"]
[WhiteElo "2520"]
[BlackElo "2180"]

1.Nf3 d5 2.c4 c6 3.d4 e6 4.Qc2 b5 5.b3 Nf6 6.Nbd2 bxc4 7.bxc4 Ba6 8.Qa4 dxc4
9.Nxc4 Bxc4 10.Qxc4 c5 11.dxc5 Qa5+ 12.Bd2 Qxc5 13.Rc1 Qxc4 14.Rxc4 Nbd7
15.e3 Bc5 16.Be2 Ke7 17.O-O Rhc8 18.Rfc1 Nd5 19.a4 a5 20.g3 N5b6 21.Rh4 Nf6
22.Bb5 Bd6 23.Rxc8 Nxc8 24.e4 e5 25.Bc3 Na7 26.Ba6 Rb8 27.Kg2 Rb3 28.Bxe5 Bxe5
29.Nxe5 Rb4 30.Nc4 Rxa4 31.e5 Ne8 32.e6 Nc7 33.Bb7 Nxe6 34.Bd5 h6 35.Re4 Ra1
36.Ne5 Nc5 37.Rc4 Kd6 38.Bxf7 Kxe5 39.Rxc5+ Kd4 40.Rc4+ Kd3 41.Rc7  1-0

[Event "SWE-ch"]
[Site "Lindesberg"]
[Date "1993.??.??"]
[Round "11"]
[White "Ornstein, Axel"]
[Black "Barkhagen, Jonas"]
[Result "1-0"]
[WhiteElo "2440"]
[BlackElo "2430"]

1.Nf3 d5 2.c4 e6 3.g3 Nf6 4.Bg2 c5 5.cxd5 Nxd5 6.O-O Be7 7.d4 Nc6 8.dxc5 O-O
9.e4 Ndb4 10.a3 Nd3 11.b4 a5 12.b5 Nb8 13.Be3 Nxc5 14.Nbd2 a4 15.Qc2 b6 16.Nc4 Bd7
17.Nd4 Ra7 18.Rac1 f6 19.Rfd1 Qc7 20.f4 e5 21.fxe5 fxe5 22.Nf5 Bxf5 23.exf5 Nb3
24.Qf2 Nxc1 25.Bd5+ Kh8 26.Bxb6 Qd7 27.Bxa7 Qxb5 28.Qf3 Bc5+ 29.Bxc5 Qxc5+
30.Kh1 e4 31.Qxe4 Nd7 32.Qe3 Na2 33.Be6 Qc6+ 34.Kg1 Nf6 35.Ra1 Nd5 36.Qd4 Nac3
37.Re1 Qe8 38.Ne5 Qh5 39.Bxd5 Ne2+ 40.Rxe2 Qxe2 41.Bc4  1-0

[Event "Lisboa zt"]
[Site "Lisboa"]
[Date "1993.??.??"]
[Round "10"]
[White "Galego, Luis"]
[Black "Arlandi, Ennio"]
[Result "0-1"]
[WhiteElo "2390"]
[BlackElo "2460"]

1.Nf3 d5 2.c4 e6 3.g3 Nf6 4.Bg2 Be7 5.O-O O-O 6.d3 c5 7.Nc3 d4 8.Na4 Nc6
9.e3 e5 10.exd4 exd4 11.Re1 Bg4 12.h3 Bh5 13.Bg5 b6 14.g4 Bg6 15.Nh4 Rc8
16.Qe2 Bd6 17.b3 h6 18.Nxg6 fxg6 19.Bh4 g5 20.Bg3 Re8 21.Qf3 Ne5 22.Bxe5 Bxe5
23.Re2 Bf4 24.Rae1 Qd7 25.Qb7 Qxb7 26.Bxb7 Rxe2 27.Rxe2 Re8 28.Rxe8+ Nxe8
29.Nb2 Kf7 30.Kg2 Kf6 31.Kf3 Ke5 32.Nd1 Bc1 33.Kg3 Nd6 34.Bc6 Bf4+ 35.Kf3 Bc1
36.Kg3 Nc8 37.Kf3 Ne7 38.Be8 Ba3 39.Kg3 Bb4 40.Kf3 Bd2 41.Kg3 Ng8 42.Kf3 Bc1
43.Bf7 Nf6 44.Bg6 Nd7 45.Bf5 Nb8 46.Be4 Na6  0-1

[Event "London Lloyds"]
[Site "London"]
[Date "1993.??.??"]
[Round "5"]
[White "Plaskett, Jim"]
[Black "Sadler, Matthew"]
[Result "1-0"]
[WhiteElo "2470"]
[BlackElo "2535"]

1.Nf3 d5 2.c4 d4 3.b4 g6 4.g3 a5 5.Bb2 Bg7 6.a3 e5 7.d3 b6 8.Bg2 Bb7 9.O-O Ne7
10.e3 O-O 11.exd4 exd4 12.Nbd2 Na6 13.bxa5 bxa5 14.Re1 Nc5 15.Nb3 Nxb3 16.Qxb3 Rb8
17.Qc2 c5 18.Rab1 Bc6 19.Nd2 Bxg2 20.Kxg2 Qd7 21.Bc1 Nc6 22.Ne4 Rxb1 23.Qxb1 Rb8
24.Qc2 Ne5 25.Bf4 Qc6 26.Rb1 Re8 27.Bxe5 Bxe5 28.Kg1 f5 29.Nd2 Bc7 30.a4 g5
31.Qb3 Rb8 32.Qd1 Rxb1 33.Qxb1 Qxa4 34.Qb7 Qd7 35.Nb3 Qd6 36.Qc8+ Qd8 37.Qe6+ Kh8
38.Nxc5 f4 39.Nd7 a4 40.Nf6 Qf8 41.Qf5 Kg7 42.Qxg5+ Kh8 43.Qf5 Kg7 44.Nh5+ Kg8
45.Qd5+ Kh8 46.Qxd4+ Kg8 47.Nf6+ Kg7 48.Nd5+  1-0

[Event "Loosdorf op"]
[Site "Loosdorf"]
[Date "1993.??.??"]
[Round "3"]
[White "Vukovic, Ivo"]
[Black "Dobosz, Henryk"]
[Result "1/2-1/2"]
[WhiteElo "2290"]
[BlackElo "2430"]

1.Nf3 d5 2.c4 c6 3.b3 dxc4 4.bxc4 e5 5.d3 Nd7 6.Qc2 Ngf6 7.g3 Bd6 8.Bg2 O-O
9.O-O Qe7 10.Nc3 Nc5 11.Bb2 h6 12.Na4 Nxa4 13.Qxa4 Nd7 14.Qc2 Nc5 15.Rad1 Bf5
16.Nh4 Bh7 17.e4 Ne6 18.Nf5 Qc7 19.Qe2 Bc5 20.Kh1 Rad8 21.Qg4 Kh8 22.f4 Bd4
23.Bxd4 exd4 24.e5 f6  1/2-1/2

[Event "Loosdorf op"]
[Site "Loosdorf"]
[Date "1993.??.??"]
[Round "9"]
[White "Humer, Wolfgang"]
[Black "Robovic, Saudin"]
[Result "1-0"]
[WhiteElo "2255"]
[BlackElo "2360"]

1.Nf3 d5 2.c4 c6 3.g3 Nf6 4.Bg2 Bg4 5.Ne5 Bf5 6.cxd5 cxd5 7.Nc3 e6 8.Qa4+ Nbd7
9.g4 Bg6 10.h4 Bc2 11.Nxf7 Bxa4 12.Nxd8 Rxd8 13.Nxa4 Nxg4 14.Bh3 Ngf6 15.Bxe6 d4
16.b3 b5 17.Nb2 Nc5 18.Bf5 g6 19.Bc2 Nd5 20.Nd3 Ne6 21.Bb2 Bg7 22.h5 Kf7
23.b4 Nef4 24.Nxf4 Nxf4 25.Bb3+ Ke7 26.a4 Nxe2 27.Rh4 Rde8 28.axb5 Kd8 29.Kf1 Re7
30.hxg6 hxg6 31.Rxh8+ Bxh8 32.b6  1-0

[Event "Wch Team"]
[Site "Luzern"]
[Date "1993.??.??"]
[Round "2"]
[White "Anastasian, Ashot"]
[Black "Costa, Jean Luc"]
[Result "1/2-1/2"]
[WhiteElo "2530"]
[BlackElo "2425"]

1.Nf3 d5 2.c4 c6 3.b3 Nf6 4.Bb2 Bg4 5.e3 e6 6.h3 Bxf3 7.Qxf3 Nbd7 8.Qd1 Be7
9.Be2 Ne4 10.O-O O-O 11.d4 Bd6 12.Nd2 f5 13.Bd3 Rf6 14.f4 g5 15.cxd5 cxd5
16.Bxe4 fxe4 17.Qg4 Rg6 18.f5 Nf6 19.Qe2 exf5 20.Rxf5 g4 21.h4 Ne8 22.Rxd5 Qxh4
23.Nf1 Rc8 24.Rc5 Bxc5 25.Qc4+ Kf8 26.dxc5 Rc7 27.Be5 Rf7 28.Bg3 Qf6 29.Rd1 Qe6
30.Qc2 Kg8 31.Rd4 Nf6 32.Nd2 Rd7 33.Bd6 b6 34.b4 bxc5 35.bxc5 Ne8 36.Nxe4 Nxd6
37.cxd6 g3 38.Qc8+ Kg7 39.Qc3 Kh6 40.Qd2 Qf5 41.Qe2 Rb7 42.Nc3 Rf6 43.Rf4 Qe5
44.Rh4+ Kg7 45.Qg4+ Rg6 46.Qd4 Qxd4 47.Rxd4 Rd7 48.Ne4 Rg4 49.Kf1 h5 50.Ke2 h4
51.Kf3 Rg6 52.Rd1 Re6 53.Rd4 Rg6 54.Rd2 Re6 55.Rd4  1/2-1/2

[Event "Martinez Valle op"]
[Site "Martinez Valle"]
[Date "1993.??.??"]
[Round "6"]
[White "Garcia, Raimundo"]
[Black "Bulcourf, Carlos"]
[Result "1-0"]
[WhiteElo "2375"]
[BlackElo "2295"]

1.Nf3 d5 2.c4 c6 3.d4 Bf5 4.Nc3 e6 5.Qb3 Qb6 6.c5 Qxb3 7.axb3 Na6 8.Bf4 f6
9.e3 Nb4 10.Kd2 e5 11.Bg3 g6 12.Nxe5 Nh6 13.Nf3 Be7 14.Be2 Kd7 15.Rhc1 Bd8
16.Ne1 Bc7 17.Ra4 a5 18.Rca1 b5 19.cxb6 Bxb6 20.R4a3 Nf7 21.Na4 Ba7 22.Nc5+ Bxc5
23.dxc5 Ne5 24.Rxa5 Rab8 25.Ra7+ Ke6 26.Rc7 h5 27.Raa7 Rhe8 28.f4 Ng4 29.Nf3 Nc2
30.Rxc6+  1-0

[Event "Melbourne"]
[Site "Melbourne"]
[Date "1993.??.??"]
[Round "1"]
[White "Hacche, David"]
[Black "Wallace, John Paul"]
[Result "0-1"]
[WhiteElo "2260"]
[BlackElo "2275"]

1.Nf3 d5 2.c4 e6 3.g3 Nf6 4.Bg2 Be7 5.O-O O-O 6.b3 b6 7.Bb2 Bb7 8.d3 Nbd7
9.Nbd2 c5 10.cxd5 exd5 11.d4 Re8 12.Rc1 Bf8 13.Re1 Ne4 14.e3 Ndf6 15.Ne5 h6
16.Nxe4 Nxe4 17.dxc5 bxc5 18.Rc2 a5 19.Bxe4 dxe4 20.Rd2 Qc8 21.Nd7 Ra6 22.Qh5 Rg6
23.Ne5 Rf6 24.Nd7 Rg6 25.Ne5 Rxe5 26.Qxe5 Rg5 27.Qc3 Be7 28.Red1 Qh3 29.Qc2 Rh5
30.f4 exf3 31.Rd8+ Bf8 32.R8d7 Bc8 33.Rd8 Rg5 34.Qf2 Bb7 35.R8d7 Be4 36.Rd8 h5
37.Rxf8+ Kxf8 38.Qd2 f2+ 39.Qxf2 Kg8 40.Rd8+ Kh7 41.Rf8 f6 42.Rd8 h4  0-1

[Event "Milan op"]
[Site "Milan"]
[Date "1993.??.??"]
[Round "?"]
[White "Lanzani, Mario"]
[Black "Tortarolo, Massimiliano"]
[Result "1-0"]
[WhiteElo "2295"]
[BlackElo "2230"]

1.Nf3 d5 2.c4 e6 3.d4 c6 4.Nbd2 Nf6 5.g3 Nbd7 6.Bg2 Be7 7.O-O b6 8.Qc2 Bb7
9.e4 dxe4 10.Nxe4 Nxe4 11.Qxe4 O-O 12.Bf4 Qc8 13.Ne5 Nxe5 14.Bxe5 Rd8 15.Rac1 Rd7
16.c5 Qd8 17.Qg4 Bf6 18.Bxf6 Qxf6 19.d5 h5 20.Qh3 cxd5 21.c6 Bxc6 22.Rxc6 Qxb2
23.Qxh5 Qxa2 24.Rfc1 Rad8 25.Rc8 Qa6 26.Rxd8+ Rxd8 27.Rc7 Rf8 28.Bf1 Qa3
29.Qe5 Ra8 30.Qf4 Rf8 31.h4 g6 32.h5 gxh5 33.Qg5+ Kh8 34.Qxh5+ Kg7 35.Qg5+ Kh8
36.Qf6+ Kg8 37.Qg5+ Kh8 38.Qe5+ Kg8 39.Bh3 Re8 40.Qg5+ Kf8 41.Qf6  1-0

[Event "Milan op"]
[Site "Milan"]
[Date "1993.??.??"]
[Round "?"]
[White "Lanzani, Mario"]
[Black "Marzano, Carlo"]
[Result "1-0"]
[WhiteElo "2295"]
[BlackElo "2210"]

1.Nf3 d5 2.c4 c6 3.b3 Bg4 4.Bb2 Nf6 5.g3 e6 6.Bg2 Nbd7 7.O-O Be7 8.d3 O-O
9.Nbd2 a5 10.a3 b5 11.Qc2 Qb6 12.cxb5 cxb5 13.Rac1 Qa6 14.h3 Rfc8 15.Qb1 Bh5
16.g4 Bg6 17.Nh4 Rxc1 18.Rxc1 Rc8 19.Nxg6 hxg6 20.Bf1 Nb6 21.e3 Rxc1 22.Qxc1 Qc8
23.d4 Qxc1 24.Bxc1 b4 25.a4 Kf8 26.Nf3 Nfd7 27.Bb5 Bd6 28.Bb2 Ke7 29.Kf1 Bc7
30.Ke2 Bb8 31.Kd2 Bc7 32.Kc2 Bb8 33.Ne5 Nxe5 34.dxe5 Nd7 35.Bxd7 Kxd7 36.Bd4 Kc6
37.h4 Bc7 38.Kd3 Bd8 39.h5 gxh5 40.gxh5 Bh4 41.f4 Be7 42.Ke2 Bc5 43.Kf3 Bxd4
44.exd4 Kd7 45.Kg4 Ke7 46.Kg5 Kf8 47.h6 Kg8 48.hxg7 Kh7 49.Kf6 Kg8 50.f5 exf5
51.Kxf5 Kxg7 52.e6  1-0

[Event "Munich op9293"]
[Site "Munich"]
[Date "1993.??.??"]
[Round "4"]
[White "Schlosser, Philipp"]
[Black "Vaisser, Anatoli"]
[Result "1/2-1/2"]
[WhiteElo "2500"]
[BlackElo "2540"]

1.Nf3 d5 2.c4 e6 3.d4 c6 4.Qc2 f5 5.Bf4 Nf6 6.e3 Bb4+ 7.Nc3 Ne4 8.Bd3 O-O
9.a3 Bd6 10.O-O g5 11.Bxd6 Nxd6 12.cxd5 exd5 13.b4 Be6 14.b5 cxb5 15.Nxb5 Nxb5
16.Bxb5 a6 17.Ba4 Ra7 18.Rfc1 b6 19.Bb3 Kh8 20.Ne5 f4 21.e4 f3 22.gxf3 g4
23.fxg4 Rg7 24.Bxd5 Bxd5 25.exd5 Qxd5 26.Rd1 Nd7 27.Qe2 Rf4 28.Rac1 h5 29.Rc8+ Kh7
30.Qc2+ Qe4 31.Qxe4+ Rxe4 32.f3 Re3 33.Rd3 Rxd3 34.Nxd3 hxg4 35.Kf2 gxf3
36.Kxf3 Nf6 37.Ne5 Rg1 38.Rc7+ Kg8 39.Rc6 Rf1+ 40.Ke2 Rf4 41.Ng6 Rxd4 42.Rxf6 Kg7
43.Rf4 Rd5 44.Nh4 Ra5 45.Rf3 Rb5 46.Kf2 Rb2+ 47.Kg3 b5 48.Nf5+ Kh7 49.h4 a5
50.Kg4 b4 51.axb4 Rxb4+ 52.Kg5 a4 53.Ra3 Rc4 54.h5 Rb4 55.Rg3 Rb7 56.Kf6 Rb4
57.Ke5 Rb5+ 58.Ke4 Rb4+ 59.Kd3 Rb5 60.Ke4 Rb4+ 61.Ke5 Rb5+ 62.Kf4 Rb4+ 63.Kg5 Rb7
64.Ra3 Rb4 65.Ra1 Rc4 66.Ne3 Rc5+ 67.Kh4 Re5 68.Ng4 Ra5 69.Ra3 Ra7 70.Nf6+ Kg7
71.Ne4 Kh6 72.Ng5 Ra6 73.Rg3 a3 74.Nf7+ Kh7 75.h6 Rg6 76.Rxa3 Rf6 77.Ra7 Kg8
78.h7+ Kxh7 79.Kg5 Rg6+ 80.Kh5 Rg1 81.Nh6+ Rg7 82.Ra8 Rg1 83.Nf5 Rg5+  1/2-1/2

[Event "Munich op9293"]
[Site "Munich"]
[Date "1993.??.??"]
[Round "4"]
[White "Hornung, Hans"]
[Black "Ehrke, Michael"]
[Result "0-1"]
[WhiteElo "2300"]
[BlackElo "2260"]

1.Nf3 d5 2.c4 c6 3.d4 Bf5 4.Nc3 e6 5.Qb3 Qb6 6.Bf4 Nd7 7.c5 Qxb3 8.axb3 a6
9.b4 Rc8 10.Nd2 Be7 11.e4 dxe4 12.Ncxe4 Bxe4 13.Nxe4 Ngf6 14.Nc3 O-O 15.Be2 Rfd8
16.O-O-O Nf8 17.Bf3 Ng6 18.Bg3 Rd7 19.Rd3 Bd8 20.Kc2 Ne7 21.Bd6 Nf5 22.Be5 Nh4
23.Be4 Ng4 24.Bg3 f5 25.Bf3 Nxf3 26.gxf3 Nf6 27.Re1 Kf7 28.Be5 Nd5 29.Nxd5 Rxd5
30.f4 Bf6 31.Bxf6 Kxf6 32.Kc3 Rd7 33.Rh3 Rcd8 34.Rhe3 Re7 35.Rh3 g6 36.Rhe3 Rg8
37.h4 h6 38.Rg3 g5 39.hxg5+ hxg5 40.Rh1 g4 41.Rh6+ Rg6 42.Rh8 Kg7 43.Rb8 Rh6
44.b5 axb5 45.Kb4 Kf6 46.Ka5 Rh2 47.Kb6 Rxf2 48.Rxb7 Rxb7+ 49.Kxb7 Rxf4 50.Kxc6 Rxd4
51.Kxb5 Kg5 52.c6 Rd8 53.c7 Rc8 54.Kc6 f4 55.Rd3 f3 56.Rd8 Rxc7+ 57.Kxc7 g3
58.b4 f2 59.Rg8+ Kf4 60.b5 g2  0-1

[Event "Munich op9293"]
[Site "Munich"]
[Date "1993.??.??"]
[Round "8"]
[White "Phildius, Bernhard"]
[Black "Bachmayr, Peter"]
[Result "1-0"]
[WhiteElo "2315"]
[BlackElo "2255"]

1.Nf3 d5 2.c4 e6 3.b3 Nf6 4.g3 Be7 5.Bg2 O-O 6.O-O c5 7.e3 Nc6 8.Bb2 b6 9.Nc3 Bb7
10.Qe2 Rc8 11.Rfd1 dxc4 12.bxc4 Qc7 13.Ne1 Rfd8 14.f4 Qb8 15.d3 Bf8 16.Rd2 Rd7
17.Nd1 Ne8 18.Nf3 Rcd8 19.Nf2 a6 20.a4 Nc7 21.Ng4 a5 22.Rad1 Na6 23.h4 Nab4
24.h5 h6 25.Nf2 Bd6 26.Ne4 Bc7 27.Nf6+ gxf6 28.Bxf6 Kf8 29.Ne1 Ne7 30.Qg4 Rd6
31.Qg7+ Ke8 32.e4 Nbc6 33.e5 Rd4 34.Bh3 Ba8 35.Kh2 Nb4 36.Bxe6  1-0

[Event "FRA-ch"]
[Site "Nantes"]
[Date "1993.??.??"]
[Round "4"]
[White "Hauchard, Arnaud"]
[Black "Relange, Eloi"]
[Result "1/2-1/2"]
[WhiteElo "2450"]
[BlackElo "2365"]

1.Nf3 d5 2.c4 c6 3.e3 Nf6 4.Nc3 e6 5.Qc2 Nbd7 6.b3 Bd6 7.Bb2 a6 8.Rg1 e5
9.g4 d4 10.exd4 exd4 11.Nxd4 Ne5 12.Be2 Bxg4 13.f4 Ba3 14.fxe5 Qxd4 15.O-O-O Bxb2+
16.Qxb2 Bxe2 17.Nxe2 Qxb2+ 18.Kxb2 Nh5 19.Rdf1 g6 20.d4 O-O 21.Ng3 Nxg3 22.Rxg3 Rad8
23.Kc3 Rfe8 24.Rgf3 Rd7 25.Re1 f5 26.h4 Kf7 27.h5 Ke6 28.Rg1 Rg8 29.hxg6 hxg6
30.Rfg3 Rdg7 31.Rh3 c5 32.dxc5 Kxe5 33.Re1+ Kf4 34.Rh4+ Kg5 35.Rd4 f4 36.Rd5+ Kg4
37.Rg1+ Kh4 38.Rh1+ Kg3 39.Rg5+ Kf2 40.Rh2+ Kf3 41.Rh1 Rd7 42.Rf1+ Ke4 43.Re1+ Kf3
44.Rf1+ Ke4 45.Re1+ Kf3  1/2-1/2

[Event "Neuwied op"]
[Site "Neuwied"]
[Date "1993.??.??"]
[Round "4"]
[White "Kostadinov, Atanas"]
[Black "Hammes, Michael"]
[Result "1-0"]
[WhiteElo "2245"]
[BlackElo "2215"]

1.Nf3 d5 2.c4 e6 3.g3 Nf6 4.Bg2 Be7 5.b3 O-O 6.O-O b6 7.Bb2 Bb7 8.Na3 c5
9.cxd5 Bxd5 10.Nc4 Nfd7 11.Qc2 Bf6 12.Ne3 Bb7 13.Ng5  1-0

[Event "Neuwied op"]
[Site "Neuwied"]
[Date "1993.??.??"]
[Round "9"]
[White "Kostadinov, Atanas"]
[Black "Budnikov, Alexandar"]
[Result "0-1"]
[WhiteElo "2245"]
[BlackElo "2520"]

1.Nf3 d5 2.c4 d4 3.g3 c5 4.Bg2 Nc6 5.d3 e5 6.O-O Bd6 7.e3 Nge7 8.exd4 cxd4
9.a3 Bg4 10.Nbd2 O-O 11.b4 a6 12.Ne4 Ng6 13.Nxd6 Qxd6 14.h3 Bf5 15.Ng5 Qd7
16.h4 Nge7 17.Ne4 Bh3 18.Nc5 Qc8 19.Bxh3 Qxh3 20.Qf3 b6 21.Ne4 Qe6 22.Bd2 h6
23.b5 axb5 24.cxb5 Na7 25.Bb4 Nxb5 26.Rae1 Rfe8  0-1

[Event "New York op"]
[Site "New York"]
[Date "1993.??.??"]
[Round "2"]
[White "Wojtkiewicz, Aleksander"]
[Black "La Rota, Fabio"]
[Result "1-0"]
[WhiteElo "2580"]
[BlackElo "2290"]

1.Nf3 d5 2.c4 dxc4 3.e3 Nf6 4.Bxc4 e6 5.O-O Be7 6.d4 O-O 7.Qe2 b6 8.e4 Bb7
9.Nc3 Re8 10.Bf4 a6 11.Rad1 b5 12.Bd3 Nbd7 13.h3 Nf8 14.Bb1 Ng6 15.Bh2 c6
16.Rfe1 Qb6 17.Qc2 c5 18.d5 exd5 19.e5 Nd7 20.Nxd5 Bxd5 21.Rxd5 Ndf8 22.Bg3 Rad8
23.Rxd8 Rxd8 24.h4 Ne6 25.h5 Ngf8 26.Qc1 Nd4 27.Nxd4 Rxd4 28.f4 Qh6 29.Rf1 Qxh5
30.Bf2 Rd8 31.f5 c4 32.b3 Bg5 33.Qe1 Rd2 34.bxc4 bxc4 35.e6 fxe6 36.fxe6 Qe2
37.Bf5 h5 38.Qxe2 Rxe2 39.Re1 Rxe1+ 40.Bxe1 Be7 41.Kf2 g6 42.Be4 Nxe6 43.Bd5 Kf7
44.Bxc4 Ba3 45.Bxa6 g5 46.Bc4 Kf6 47.Kf3 Nf4 48.g3 Ng6 49.Bc3+  1-0

[Event "New York op"]
[Site "New York"]
[Date "1993.??.??"]
[Round "4"]
[White "Gurevich, Dmitry"]
[Black "La Rota, Fabio"]
[Result "1-0"]
[WhiteElo "2495"]
[BlackElo "2290"]

1.Nf3 d5 2.c4 dxc4 3.Na3 c6 4.Nxc4 Nf6 5.g3 Bf5 6.Bg2 e6 7.Qb3 Qc8 8.d3 Be7
9.Nd4 Nbd7 10.Nxf5 exf5 11.Na5 Qc7 12.Bd2 Nc5 13.Qc4 O-O 14.O-O Ne6 15.b4 Qd7
16.Nb3 Rab8 17.Rac1 Rfe8 18.Rfd1 Bf8 19.Bh3 g6 20.e4 fxe4 21.dxe4 Qe7 22.a3 h5
23.Be3 Ra8 24.Na5 Ng4 25.Bxg4 hxg4 26.e5 Rad8 27.Qxg4  1-0

[Event "Baden-Niedersachsen"]
[Site "Niedersachsen"]
[Date "1993.??.??"]
[Round "?"]
[White "Schirm, Friedmar"]
[Black "Gerstner, Wolfgang"]
[Result "0-1"]
[WhiteElo "2340"]
[BlackElo "2360"]

1.Nf3 d5 2.c4 c6 3.g3 Nf6 4.Bg2 e6 5.b3 Bd6 6.Bb2 Nbd7 7.O-O e5 8.cxd5 cxd5
9.d4 e4 10.Ne5 O-O 11.f4 Nb6 12.e3 Ne8 13.a4 f6 14.a5 Nd7 15.Ng4 Nb8 16.Nc3 Be6
17.Bh3 Kh8 18.f5 Bf7 19.Ne2 Nc6 20.Bc3 b6 21.Nf4 Bxf4 22.Rxf4 bxa5 23.Nf2 Rb8
24.Bg4 Nd6 25.Qc2 g5 26.fxg6 hxg6 27.h4 g5 28.hxg5 fxg5 29.Rxf7 Nxf7 30.Kg2 Nd6
31.Be6 Qf6 32.Rh1+ Kg7 33.Bxd5 Qf3+ 34.Kg1 Qxg3+ 35.Kf1 Nf5 36.Bd2 Nfxd4
37.Rh7+ Kxh7  0-1

[Event "Nis op"]
[Site "Nis"]
[Date "1993.??.??"]
[Round "?"]
[White "Arsovic, Zoran"]
[Black "Stankovic, Dragan"]
[Result "1-0"]
[WhiteElo "2290"]
[BlackElo "2290"]

1.Nf3 d5 2.c4 c6 3.e3 Nf6 4.d4 e6 5.Bd3 Nbd7 6.O-O Bd6 7.Nc3 O-O 8.e4 dxe4
9.Nxe4 Nxe4 10.Bxe4 Nf6 11.Bc2 c5 12.b3 cxd4 13.Qxd4 Be7 14.Qh4 Qa5 15.Bxh7+ Nxh7
16.Qxe7 Nf6 17.Bb2 Re8 18.Qd6 Qf5 19.Rfe1 b6 20.Re5 Qc2 21.Qd4 Bb7 22.Rc1 Qh7
23.Rg5 e5 24.Nxe5 Ne4 25.Rg4 Rad8 26.Nd7 f6 27.Nxf6+ Nxf6 28.Qxf6 Rd7 29.h4 Re4
30.Qg5 Re2 31.Rd4 Rf7 32.Rd8+ Rf8 33.Rxf8+ Kxf8 34.Qd8+ Kf7 35.Rd1 Qe4 36.Rd7+ Kg6  1-0

[Event "Nis op"]
[Site "Nis"]
[Date "1993.??.??"]
[Round "?"]
[White "Jovicevic, Bozidar"]
[Black "Prudnikova, Svetlana"]
[Result "0-1"]
[WhiteElo "2280"]
[BlackElo "2385"]

1.Nf3 d5 2.c4 d4 3.g3 Nc6 4.Bg2 g6 5.O-O Bg7 6.d3 e5 7.Na3 Nge7 8.Nc2 O-O
9.Rb1 a5 10.a3 a4 11.Nb4 Bd7 12.e3 dxe3 13.fxe3 Nxb4 14.axb4 b5 15.c5 Be6
16.Qe2 Qd7 17.Ng5 Bg4 18.Qc2 Rad8 19.h3 Bf5 20.e4 Qd4+ 21.Qf2 Bc8 22.Be3 Qxb4
23.c6 Nxc6 24.Bc5 Qb3 25.Bxf8 Rxf8 26.Rbc1 Bd7 27.Rc3 Qb4 28.h4 h6 29.Nf3 Qd6
30.Rfc1 Rb8 31.Rc5 Nb4 32.Bf1 c6 33.Qd2 Na6 34.R5c2 Nc7 35.Qe3 Ne6 36.Kh2 Nd4
37.Nxd4 exd4 38.Qf2 Re8 39.Bh3 Bxh3 40.Kxh3 Qd7+ 41.Kg2 Re6 42.Rf1 h5 43.Qf4 Be5
44.Qg5 Kg7 45.Rcf2 f6 46.Qd2 Qc7 47.Rf3 c5 48.Kh3 Rc6 49.Rg1 c4 50.g4 Qc8
51.Rff1 cxd3  0-1

[Event "Nis op"]
[Site "Nis"]
[Date "1993.??.??"]
[Round "?"]
[White "Simic, Radoslav"]
[Black "Markovic, Zoran S"]
[Result "1/2-1/2"]
[WhiteElo "2470"]
[BlackElo "2385"]

1.Nf3 d5 2.c4 e6 3.d4 Nf6 4.Nc3 Be7 5.Bg5 O-O 6.e3 h6 7.Bh4 b6 8.Be2 Bb7
9.O-O Nbd7 10.cxd5 Nxd5 11.Bg3 c5 12.Rc1 a6 13.h3 b5 14.a4 b4 15.Nxd5 Bxd5
16.Qc2 Qa5 17.e4 Bb7 18.Rfd1 b3  1/2-1/2

[Event "Nis op"]
[Site "Nis"]
[Date "1993.??.??"]
[Round "?"]
[White "Arsovic, Zoran"]
[Black "Jovanovic, Zoran"]
[Result "1/2-1/2"]
[WhiteElo "2290"]
[BlackElo "2295"]

1.Nf3 d5 2.c4 e6 3.g3 Nf6 4.Bg2 Be7 5.O-O O-O 6.d4 dxc4 7.Ne5 Nc6 8.Nxc6 bxc6
9.e3 Nd5 10.Qa4 Nb6 11.Qc2 Rb8 12.Bxc6 Nd5 13.Qxc4 Rb6 14.Rd1 Ba6 15.Qa4 Qd6
16.Bxd5 exd5 17.Nc3 Bc8 18.Qc2 Bg4 19.Rf1 Qd7 20.f3 Bf5 21.Qa4 c6 22.Qd1 Rbb8
23.b3 Rfe8 24.Qd2 h5 25.Re1 Rbd8 26.Bb2 Bb4 27.a3 Ba5 28.b4 Bc7 29.Rac1 Bh3
30.b5 cxb5 31.Nd1 Rc8 32.Nf2 Bf5 33.Nd3 Bxd3 34.Qxd3 Bd6 35.Kg2 a5 36.e4 dxe4
37.fxe4 b4 38.axb4 Bxb4 39.Rf1 a4 40.d5 Rxc1 41.Rxc1 Bf8 42.e5 Rd8 43.Rd1 Rb8
44.Ba1 h4 45.d6 h3+ 46.Kg1 Qc6 47.Qe2 Re8 48.Qf2 Rb8 49.Qd2 Qe4 50.Bc3 Rb3
51.Re1 Qc6 52.Ba1 Rd3 53.Qf2 Qd5 54.Rf1 a3 55.Qe2 g6 56.e6 fxe6 57.Qf2 Qg2+
58.Qxg2 hxg2 59.Kxg2 Bg7 60.Bxg7 Kxg7 61.Ra1 Kf7 62.Kh3 e5 63.Kg4 e4 64.Kf4 e3
65.Ke4 Rb3 66.Ra2 Ke6 67.Kd4 Kxd6 68.Kc4 e2 69.Rd2+ Kc7 70.Rxe2 Rb2 71.Re7+ Kd8
72.Ra7  1/2-1/2

[Event "NLD-chT"]
[Site "?"]
[Date "1993.??.??"]
[Round "7"]
[White "Pliester, Leon"]
[Black "Cuijpers, Frans Andre"]
[Result "1-0"]
[WhiteElo "2385"]
[BlackElo "2425"]

1.Nf3 d5 2.c4 c6 3.d4 Nf6 4.Nc3 dxc4 5.a4 Bf5 6.Ne5 e6 7.f3 Bb4 8.Bg5 h6
9.Bh4 c5 10.dxc5 Qa5 11.Qd4 Nc6 12.Nxc6 bxc6 13.e4 Bg6 14.Bf2 O-O 15.Be2 Rfd8
16.Qxc4 Nd7 17.O-O Bxc5 18.Rfd1 Bxf2+ 19.Kxf2 Ne5 20.Qa6 Qc5+ 21.Kf1 f5 22.f4 Ng4
23.Bxg4 fxg4 24.Rxd8+ Rxd8 25.Qe2 e5 26.Rd1 Rxd1+ 27.Qxd1 h5 28.Qb3+ Bf7
29.Qb8+ Kh7 30.Qxe5 Qb4 31.Qf5+ Kg8 32.Qc8+ Kh7 33.Qf5+ Kg8 34.Qc8+ Kh7 35.Qxc6 Qxb2
36.Nd5 h4 37.Qd7 Bxd5 38.Qxd5 g3 39.hxg3 hxg3 40.Qf5+ Kg8 41.Qe6+ Kf8 42.Qd6+ Kg8
43.Qd8+ Kf7 44.Qd5+ Kf8 45.Qa8+ Kf7 46.Qxa7+ Kg8 47.Qe3 Qc2 48.Qxg3 Qxe4
49.Qb3+ Kh7 50.g3 Kh6 51.Kf2 Qc6 52.g4 Kh7 53.Kg3 Qe4 54.g5 Kg6 55.a5 Qe1+
56.Kg4 Qe2+ 57.Qf3 Qc4 58.a6 Qxa6 59.f5+ Kf7 60.Qd5+ Ke7 61.Qe5+ Kf8 62.Kh5 Qb7
63.Qd6+ Ke8 64.Qe6+ Kf8 65.Kg6 Qa7 66.Qd5 Qb6+ 67.Kh7 g6 68.Qg8+ Ke7 69.Qe6+  1-0

[Event "NOR-chT east"]
[Site "NOR"]
[Date "1993.??.??"]
[Round "9"]
[White "Tisdall, Jonathan D"]
[Black "Grotnes, Nils"]
[Result "1-0"]
[WhiteElo "2425"]
[BlackElo "2310"]

1.Nf3 d5 2.c4 d4 3.e3 c5 4.b4 f6 5.bxc5 Nc6 6.exd4 Nxd4 7.Bb2 e5 8.Nxd4 exd4
9.Qe2+ Kf7 10.g3 g6 11.Bg2 Bxc5 12.O-O Ne7 13.d3 Rb8 14.Nd2 b6 15.Ne4 Nf5
16.a4 Re8 17.Qd2 Bf8 18.Ba3 Nd6 19.Qf4 Re5 20.Nxd6+ Bxd6 21.Qxd4 Rc5 22.Bxc5 bxc5
23.Qe3 Bb7 24.Rab1 Bxg2 25.Rxb8 Qxb8 26.Kxg2 Qb6 27.Re1 Kg7 28.Qe6 Qc7 29.Qd5  1-0

[Event "Odorheiu Secuiesc op"]
[Site "Odorheiu Secuiesc"]
[Date "1993.??.??"]
[Round "8"]
[White "Helmer, Janos"]
[Black "Cretu, Alina"]
[Result "1-0"]
[WhiteElo "2225"]
[BlackElo "2055"]

1.Nf3 d5 2.c4 Nf6 3.g3 e6 4.Bg2 Be7 5.O-O O-O 6.d4 dxc4 7.Qa4 a6 8.Qxc4 b5
9.Qc2 Bb7 10.Bf4 Bd6 11.Bxd6 cxd6 12.Nbd2 Nbd7 13.Rac1 Rc8 14.Qb1 Qe7 15.e4 Nb6
16.e5 dxe5 17.dxe5 Nfd7 18.Rxc8 Rxc8 19.h4 h6 20.Re1 Nc4 21.Nxc4 bxc4 22.Qc2 Bd5
23.Re3 Nc5 24.Nd2 Qb7 25.Bf1 Nd3 26.a3 Qb8 27.Qc3 Nxb2 28.Re1 Na4 29.Qc2 Qb2
30.Qxa4 Qxd2 31.Rd1 Qb2 32.Qxa6 Ra8 33.Qd6 Qc2 34.Rxd5 exd5 35.Qxd5 Rxa3
36.Bxc4 Ra1+ 37.Kg2 Rd1 38.Qxf7+ Kh7 39.Qg8+ Kg6 40.Bf7+ Kf5  1-0

[Event "Odorheiu Secuiesc"]
[Site "Odorheiu Secuiesc"]
[Date "1993.??.??"]
[Round "9"]
[White "Schwartzman, Gabriel"]
[Black "Marin, Mihail"]
[Result "1-0"]
[WhiteElo "2455"]
[BlackElo "2515"]

1.Nf3 d5 2.c4 e6 3.g3 Nf6 4.Bg2 Be7 5.O-O O-O 6.b3 c5 7.Bb2 Nc6 8.e3 d4 9.exd4 cxd4
10.Re1 Ne8 11.d3 f6 12.Na3 e5 13.Nc2 Nc7 14.Qd2 a5 15.a3 Na6 16.b4 axb4 17.axb4 Ncxb4
18.Nfxd4 Rb8 19.Ba3 Nxc2 20.Bxe7 Qxe7 21.Nxc2 Nc5 22.Qc3 Qc7 23.d4 exd4 24.Nxd4 Bd7
25.Re7 Rbe8 26.Nf5 Rxe7 27.Nxe7+ Kh8 28.Nd5 Qd6 29.Qb4 Bc6 30.Rd1 Rc8 31.Ne3 Qe5
32.Bd5 Ne4 33.Re1 h5 34.Nd1 f5 35.Bxc6 bxc6 36.Qb7 Rd8 37.Qf7 Rd2 38.Qxh5+ Kg8
39.g4 Nf6 40.Rxe5 Rxd1+ 41.Kg2 Nxh5 42.gxh5 Rd4 43.c5 f4 44.Re6 Rd5 45.Rxc6 Rxh5
46.Rc8+ Kf7 47.c6 Rc5 48.c7 Rc3 49.h4 Kg6 50.f3 Kh7 51.h5 Rc5 52.Kf2 Rc2+
53.Ke1 Rc1+ 54.Kd2 Rc4 55.Kd3 Rc6 56.Ke4 Rc4+ 57.Ke5  1-0

[Event "Odorheiu Secuiesc op"]
[Site "Odorheiu Secuiesc"]
[Date "1993.??.??"]
[Round "10"]
[White "Stefanov, Parik"]
[Black "Navrotescu, Catalin"]
[Result "1/2-1/2"]
[WhiteElo "2355"]
[BlackElo "2410"]

1.Nf3 d5 2.c4 c6 3.b3 Nf6 4.Bb2 Bg4 5.e3 e6 6.Be2 Bd6 7.O-O O-O 8.Ne5 Bxe2
9.Qxe2 Nbd7 10.f4 Qc7 11.Nxd7 Nxd7 12.Nc3 Nf6 13.Rac1 Qe7 14.e4 dxe4 15.Nxe4 Nxe4
16.Qxe4 Ba3 17.Bxa3 Qxa3 18.Rc2 Rad8 19.d4 Rd7  1/2-1/2

[Event "Oviedo rapid"]
[Site "Oviedo"]
[Date "1993.??.??"]
[Round "3"]
[White "Antunes, Antonio"]
[Black "Rausis, Igors"]
[Result "0-1"]
[WhiteElo "2425"]
[BlackElo "2575"]

1.Nf3 d5 2.c4 c6 3.cxd5 cxd5 4.d4 Nc6 5.Nc3 Nf6 6.Bf4 a6 7.e3 Bg4 8.Be2 e6
9.O-O Be7 10.Ne5 Bxe2 11.Qxe2 Rc8 12.Rac1 O-O 13.h3 h6 14.Rfd1 Qa5 15.a3 Rfd8
16.Nd3 Na7 17.Qd2 Rf8 18.f3 Nb5 19.Nb1 Qa4 20.Rxc8 Rxc8 21.Rc1 Rxc1+ 22.Nxc1 Qc4
23.b3 Qc6 24.a4 Nd6 25.Nd3 g5 26.Bh2 Nd7 27.Qc3 Nf5 28.Kf2 Qxc3 29.Nxc3 Kf8
30.g4 Nd6 31.e4 dxe4 32.fxe4  0-1